Darwinian populations and natural selection (Record no. 1025)
[ view plain ]
| 000 -LEADER | |
|---|---|
| fixed length control field | 01143nam a2200289Ia 4500 |
| 100 1# - MAIN ENTRY--AUTHOR NAME | |
| Personal name | Godfrey-Smith, Peter. |
| 245 10 - TITLE STATEMENT | |
| Title | Darwinian populations and natural selection |
| 260 ## - PUBLICATION, DISTRIBUTION, ETC. (IMPRINT) | |
| Place of publication | Oxford ; |
| -- | New York : |
| Name of publisher | Oxford University Press, |
| Year of publication | 2009. |
| 300 ## - PHYSICAL DESCRIPTION | |
| Number of Pages | viii, 207 p. |
| 650 #0 - SUBJECT ADDED ENTRY--TOPICAL TERM | |
| Topical Term | Natural selection. |
| Topical Term | Evolution (Biology) |
| 856 40 - ELECTRONIC LOCATION AND ACCESS | |
| Uniform Resource Identifier | http://site.ebrary.com/lib/rucke/Doc?id=10288378 |
No items available.
